The heat is on (Record no. 80065)

MARC details
000 -LEADER
fixed length control field 00977cab a22002055a 4500
001 - CONTROL NUMBER
control field L143107
008 - FIXED-LENGTH DATA ELEMENTS--GENERAL INFORMATION
fixed length control field 080408s2008 xxko f 000 0 eng d
035 ## - SYSTEM CONTROL NUMBER
System control number (Sirsi) u143107
041 0# - LANGUAGE CODE
Language code of text/sound track or separate title eng
100 1# - MAIN ENTRY--PERSONAL NAME
Personal name Scott, Mike
245 04 - TITLE STATEMENT
Title The heat is on
260 ## - PUBLICATION, DISTRIBUTION, ETC.
Date of publication, distribution, etc. 2008
490 #0 - SERIES STATEMENT
Series statement RICS Business
Volume/sequential designation March 2008, 14-17(4)
520 ## - SUMMARY, ETC.
Summary, etc. Discusses issues surrounding government plans to make all new homes zero-carbon by 2016. Outlines Levels one to six of the Code for Sustainable Homes and looks at how developers are responding to the challenges of the code. Key concerns relate to the additional cost of sustainable homes, the lack of industry skills to cope with energy efficient technologies, the speed at which the zero carbon targets must be met, and moving from Level four to Level six of the code.
590 ## - LOCAL NOTE (RLIN)
Local note KA
650 24 - SUBJECT ADDED ENTRY--TOPICAL TERM
Topical term or geographic name entry element DCLG CODE FOR SUSTAINABLE HOMES
651 #4 - SUBJECT ADDED ENTRY--GEOGRAPHIC NAME
Geographic name United Kingdom
Chronological subdivision
690 ## - LOCAL SUBJECT ADDED ENTRY--TOPICAL TERM (OCLC, RLIN)
Topical term or geographic name as entry element BUILT ENVIRONMENT-SUSTAINABLE CONSTRUCTION
942 ## - ADDED ENTRY ELEMENTS (KOHA)
Suppress in OPAC 0
Holdings
Withdrawn status Lost status Source of classification or shelving scheme Damaged status Not for loan Home library Current library Shelving location Date acquired Total Checkouts Full call number Barcode Date last seen Copy number Price effective from Koha item type
    Dewey Decimal Classification     London London Journal article 08/04/2008   L143107 143107-1001 06/08/2019 1 06/08/2019 Journal article